000 00565nam a22001937a 4500
999 _c204532
_d204532
005 20200904122634.0
008 200804b ||||| |||| 00| 0 eng d
020 _a9780754660781
040 _cLC
050 _aB 305.P84
_bZIL 2007
100 _aZilioli, Ugo
245 _aProtagoras and the challenge of relativism :
_bPlato's subtlest enem /
_cUgo Zilioli
260 _aAldershot :
_bAshgate,
_c2007
300 _ax, 160 pages :
504 _aIncludes bibliographical references and index
650 _aProtagoras
650 _aRelativity
942 _cBOOK